| 000 | 00997nam a2200265 4500 | ||
|---|---|---|---|
| 999 |
_c8399 _d8399 |
||
| 001 | 22063 | ||
| 003 | BD-DhUAP | ||
| 005 | 20240307184208.0 | ||
| 008 | 110819s2011 enk bdf 001 0 eng | ||
| 020 | _a9780230230187 | ||
| 040 |
_aBD-DhUAP _cBD-DhUAP _bEng _dBD-DhUAP |
||
| 082 | 0 | 0 |
_a418.0071 LOE _223 |
| 100 | 1 | _aLoewen, Shawn. | |
| 245 | 1 | 0 |
_aKey concepts in second language acquisition / _cShawn Loewen and Hayo Reinders. |
| 260 |
_aHoundmills, Basingstoke, Hampshire : _bPalgrave Macmillan, _c2011. |
||
| 300 |
_axiv, 187 p. ; _c22 cm. |
||
| 490 | 0 | _aPalgrave key concepts | |
| 504 | _aIncludes bibliographical references and index. | ||
| 505 | 8 | _aMachine generated contents note: -- Introduction -- Alphabetized glossary of terms. | |
| 650 | 0 |
_aSecond language acquisition _vHandbooks, manuals, etc. |
|
| 650 | 0 |
_aSecond language acquisition _vDictionaries. |
|
| 650 | 7 |
_aLANGUAGE ARTS & DISCIPLINES / Linguistics / General. _2bisacsh |
|
| 700 | 1 | _aReinders, Hayo. | |
| 942 |
_2ddc _cBK |
||